Statystyki dla Przyłącz losowe państwo Europy do jego stolicy

Kliknij tutaj aby rozwiązać quiz!

Ogólne statystyki

  • Ten quiz został rozwiązany 188 razy
  • Średni wynik to 9 z 10

Statystyki odpowiedzi

StolicaPaństwo% Poprawnych
BrukselaBelgia
100%
PragaCzechy
100%
ParyżFrancja
100%
AtenyGrecja
100%
MadrytHiszpania
100%
OsloNorwegia
100%
LizbonaPortugalia
100%
San MarinoSan Marino
100%
WatykanWatykan
100%
LondynWielka Brytania
100%
RzymWłochy
100%
AmsterdamHolandia
95%
MonakoMonako
95%
BerlinNiemcy
95%
MoskwaRosja
95%
BernoSzwajcaria
95%
SarajewoBośnia i Hercegowina
94%
KopenhagaDania
94%
BukaresztRumunia
94%
BratysławaSłowacja
93%
KijówUkraina
93%
SofiaBułgaria
92%
WilnoLitwa
92%
LuksemburgLuksemburg
90%
ReykjavíkIslandia
88%
WarszawaPolska
88%
DublinIrlandia
87%
WiedeńAustria
86%
RygaŁotwa
86%
HelsinkiFinlandia
85%
KiszyniówMołdawia
85%
MińskBiałoruś
84%
BudapesztWęgry
83%
SztokholmSzwecja
81%
AndoraAndora
79%
BelgradSerbia
79%
PrisztinaKosowo
78%
TallinnEstonia
77%
ZagrzebChorwacja
75%
LublanaSłowenia
75%
VallettaMalta
73%
PodgoricaCzarnogóra
71%
SkopjeMacedonia Północna
67%
VaduzLiechtenstein
65%
TiranaAlbania
63%

Rozkład punktacji

Percentyl według liczby udzielonych odpowiedzi

Procent ludzi z każdym wynikiem

Twoja historia wyników

Nie rozwiązałeś tego quizu